[Event "Int. Stuttgarter Stadtmeisterschaft A"]
[Site "Ditzingen"]
[Date "2014.05.29"]
[Round "1.1"]
[White "Büter, Norbert"]
[Black "Ivanisevic, Ivan"]
[Result "0-1"]
[WhiteElo "2049"]
[BlackElo "2610"]
[PlyCount "52"]
[EventDate "2014.??.??"]
[WhiteTeam "SpVgg Rommelshausen"]

1. d4 Nf6 2. c4 e6 3. Nc3 Bb4 4. Qc2 Nc6 5. Nf3 d6 6. a3 Bxc3+ 7. Qxc3 O-O 8.
e3 a5 9. b3 Re8 10. Bb2 e5 11. dxe5 dxe5 12. Rd1 Qe7 13. Be2 Bg4 14. O-O h6 15.
Qc2 Qe6 16. Ne1 Bf5 17. Bd3 e4 18. Be2 Ne5 19. Qc3 Bg4 20. Bxg4 Qxg4 21. Nc2
Nf3+ 22. Kh1 Nh4 23. Rg1 Nf3 24. Rgf1 Re5 25. Ne1 Rh5 26. gxf3 Qh3 0-1

[Event "Int. Stuttgarter Stadtmeisterschaft A"]
[Site "Ditzingen"]
[Date "2014.05.29"]
[Round "1.2"]
[White "Ikonnikov, Vyacheslav"]
[Black "Andreev, Vlad"]
[Result "1-0"]
[WhiteElo "2570"]
[BlackElo "2046"]
[PlyCount "55"]
[EventDate "2014.??.??"]
[WhiteTeam "SF Bad Mergentheim"]
[BlackTeam "SF Pfullingen"]

1. d4 Nf6 2. Nf3 d5 3. c4 e6 4. Nc3 Bb4 5. cxd5 Nxd5 6. Bd2 c5 7. e4 cxd4 8.
Nb5 Bxd2+ 9. Qxd2 Nf6 10. e5 Ne4 11. Qxd4 Qxd4 12. Nfxd4 Na6 13. f3 Nec5 14. b4
Nd7 15. Nd6+ Kf8 16. Bxa6 bxa6 17. Rc1 Nb6 18. Rc7 Bd7 19. O-O Be8 20. Rfc1 g5
21. Rb7 Nd5 22. Rc8 Rxc8 23. Nxc8 Nc3 24. Nd6 Kg7 25. Nxe6+ Kg6 26. Nd4 Bb5 27.
Rxf7 Nd5 28. Ne6 1-0

[Event "Int. Stuttgarter Stadtmeisterschaft A"]
[Site "Ditzingen"]
[Date "2014.05.29"]
[Round "1.3"]
[White "Flick, Antoine"]
[Black "Gutman, Lev"]
[Result "0-1"]
[WhiteElo "2045"]
[BlackElo "2453"]
[PlyCount "86"]
[EventDate "2014.??.??"]
[BlackTeam "SV Lingen"]

1. d4 Nf6 2. Nf3 g6 3. c4 Bg7 4. Nc3 O-O 5. e4 d6 6. Be2 Bg4 7. Be3 Nfd7 8. Ng1
Bxe2 9. Ngxe2 a6 10. Qd2 c5 11. O-O Nc6 12. Rfd1 cxd4 13. Nxd4 Nce5 14. b3 Ng4
15. Bg5 Nc5 16. f3 Bxd4+ 17. Qxd4 Ne6 18. Bxe7 Qxe7 19. Qxd6 Qxd6 20. Rxd6 Ne5
21. Rad1 Rfd8 22. Kf2 Rxd6 23. Rxd6 Rd8 24. Rxd8+ Nxd8 25. Ke3 Ndc6 26. h3 f6
27. Nd5 Kf7 28. f4 Nd7 29. b4 Nf8 30. b5 axb5 31. cxb5 Ne7 32. Nb6 Ke6 33. Nc4
Kd7 34. a4 Ne6 35. a5 Nc7 36. e5 Nxb5 37. exf6 Nd5+ 38. Ke4 Nxf6+ 39. Ke5 Ke7
40. f5 g5 41. g3 Nd7+ 42. Ke4 Nd6+ 43. Nxd6 Kxd6 0-1

[Event "Int. Stuttgarter Stadtmeisterschaft A"]
[Site "Ditzingen"]
[Date "2014.05.29"]
[Round "1.4"]
[White "Karpatchev, Aleksandr"]
[Black "Schuster, Gerhard"]
[Result "1-0"]
[WhiteElo "2445"]
[BlackElo "2045"]
[PlyCount "65"]
[EventDate "2014.??.??"]
[WhiteTeam "SF Bad Mergentheim"]
[BlackTeam "SC Feuerbach e. V."]

1. e4 c6 2. d4 d5 3. Nc3 dxe4 4. Nxe4 Nd7 5. Bc4 Ngf6 6. Nxf6+ Nxf6 7. c3 g6 8.
Qb3 Nd5 9. a4 Bg7 10. Nf3 O-O 11. O-O Qd6 12. Re1 Re8 13. Ne5 f6 14. Nd3 Kh8
15. a5 Bf5 16. Nc5 b6 17. Ne4 Bxe4 18. Rxe4 f5 19. Re1 e5 20. axb6 axb6 21.
Rxa8 Rxa8 22. Bxd5 cxd5 23. dxe5 Bxe5 24. g3 f4 25. gxf4 Bg7 26. Qb5 h6 27. Qd3
Ra1 28. f5 gxf5 29. Qxf5 Be5 30. Kg2 Qf6 31. Qxe5 Qxe5 32. Rxe5 Rxc1 33. Rxd5
1-0

[Event "Int. Stuttgarter Stadtmeisterschaft A"]
[Site "Ditzingen"]
[Date "2014.05.29"]
[Round "1.5"]
[White "Schumann, Kai"]
[Black "Dobosz, Henryk"]
[Result "0-1"]
[WhiteElo "2044"]
[BlackElo "2401"]
[PlyCount "45"]
[EventDate "2014.??.??"]
[WhiteTeam "SG Königskinder Hohentübingen e."]
[BlackTeam "BG Buchen"]

1. d4 d6 2. c4 Nf6 3. Nc3 Nbd7 4. e4 e5 5. Nf3 Be7 6. Be2 O-O 7. O-O c6 8. b4
a5 9. b5 Re8 10. bxc6 bxc6 11. d5 Nc5 12. Qc2 cxd5 13. cxd5 Bd7 14. Be3 Rc8 15.
Bxc5 Rxc5 16. Qb2 Qb8 17. Qd2 Qc7 18. Rac1 Rc8 19. Bb5 Nxe4 20. Nxe4 Rxc1 21.
Bxd7 Rxf1+ 22. Kxf1 Qxd7 23. Qxa5 0-1

[Event "Int. Stuttgarter Stadtmeisterschaft A"]
[Site "Ditzingen"]
[Date "2014.05.29"]
[Round "1.6"]
[White "Schröder, Jan-Christian"]
[Black "Bissbort, Julian"]
[Result "1-0"]
[WhiteElo "2374"]
[BlackElo "2042"]
[PlyCount "66"]
[EventDate "2014.??.??"]
[WhiteTeam "SV 1920 Hofheim"]
[BlackTeam "Heilbronner SV"]

1. d4 Nf6 2. Nf3 e6 3. e3 c5 4. Bd3 Nc6 5. O-O Be7 6. c4 cxd4 7. exd4 d5 8. Nc3
dxc4 9. Bxc4 O-O 10. Re1 a6 11. Bd3 Nb4 12. Bb1 b5 13. a3 Nbd5 14. Qd3 Bb7 15.
Bg5 g6 16. Bh6 Re8 17. Ne5 Qc7 18. Qh3 Bf8 19. Bd2 Bg7 20. Bd3 Nh5 21. Qg4 Rad8
22. Nxd5 Rxd5 23. Rac1 Qd6 24. Bb4 Qd8 25. Be4 Rxd4 26. Qf3 Rxe4 27. Qxf7+ Kh8
28. Red1 Bd5 29. Rc7 Rxe5 30. Rd7 Qc8 31. Rc7 Qd8 32. Be7 Qb8 33. Bf6 Qxc7 1-0

[Event "Int. Stuttgarter Stadtmeisterschaft A"]
[Site "Ditzingen"]
[Date "2014.05.29"]
[Round "1.7"]
[White "Cerasi, Umberto"]
[Black "Gheng, Josef"]
[Result "0-1"]
[WhiteElo "2019"]
[BlackElo "2327"]
[PlyCount "66"]
[EventDate "2014.??.??"]
[BlackTeam "SC Erdmannhausen"]

1. d4 Nf6 2. c4 g6 3. Nc3 d5 4. Nf3 Bg7 5. Bg5 Ne4 6. cxd5 Nxg5 7. Nxg5 e6 8.
Qd2 exd5 9. Qe3+ Kf8 10. Qf4 Bf6 11. h4 h6 12. Nf3 Be6 13. e3 c6 14. Be2 Nd7
15. e4 dxe4 16. Nxe4 Qa5+ 17. Kf1 Bg7 18. Kg1 Rd8 19. Kh2 Kg8 20. Rhd1 g5 21.
Qe3 Nf6 22. Nxf6+ Bxf6 23. Ne5 Rxd4 24. Ng6 Rxd1 25. Rxd1 Rh7 26. h5 Kg7 27.
Bd3 Bg4 28. Be2 Bf5 29. g4 Be6 30. Qe4 Bd5 31. Qf5 Qxa2 32. Bd3 Be6 33. Qf3
fxg6 0-1

[Event "Int. Stuttgarter Stadtmeisterschaft A"]
[Site "Ditzingen"]
[Date "2014.05.29"]
[Round "1.8"]
[White "Neyman, Igor"]
[Black "Quernheim, Daniel"]
[Result "1-0"]
[WhiteElo "2311"]
[BlackElo "2013"]
[PlyCount "75"]
[EventDate "2014.??.??"]
[WhiteTeam "Stuttgarter SF 1879"]
[BlackTeam "SC Schachmatt Botnang"]

1. d4 d5 2. Nf3 c6 3. c4 e6 4. Qc2 Bd6 5. g3 f5 6. Bg2 Nf6 7. O-O O-O 8. b3 Qe7
9. Bb2 b6 10. Nbd2 Bb7 11. Ne5 c5 12. dxc5 Bxc5 13. e3 Nc6 14. Nxc6 Bxc6 15. a3
a5 16. cxd5 Bxd5 17. Bxd5 Nxd5 18. Nc4 Rac8 19. Qe2 Nf6 20. Rfd1 Rfd8 21. a4
Rxd1+ 22. Rxd1 Rd8 23. Rd3 Rxd3 24. Qxd3 Qd7 25. Qxd7 Nxd7 26. Kf1 Bb4 27. Bd4
Nc5 28. Ke2 Nxb3 29. Bxb6 Kf7 30. Kd3 Ke7 31. Kc2 Nc5 32. Bxc5+ Bxc5 33. Nxa5
Kd7 34. Kd3 Bb4 35. Nb3 Be1 36. Nd2 Bxf2 37. Ke2 Bg1 38. Nf3 1-0

[Event "Int. Stuttgarter Stadtmeisterschaft A"]
[Site "Ditzingen"]
[Date "2014.05.29"]
[Round "1.9"]
[White "Severin, Andreas"]
[Black "Raupp, Thomas"]
[Result "0-1"]
[WhiteElo "2008"]
[BlackElo "2310"]
[PlyCount "52"]
[EventDate "2014.??.??"]
[WhiteTeam "SV Reutlingen"]
[BlackTeam "SC Eppingen"]

1. Nf3 d5 2. d4 Nf6 3. c4 c6 4. cxd5 cxd5 5. Nc3 Nc6 6. Ne5 e6 7. Nxc6 bxc6 8.
e3 c5 9. dxc5 Bxc5 10. Bb5+ Bd7 11. Qa4 O-O 12. O-O Qe7 13. Bxd7 Nxd7 14. a3
Rfc8 15. Ne2 a5 16. Bd2 Nb6 17. Qg4 Nc4 18. Bc3 f5 19. Qf3 Rab8 20. Nf4 Qf7 21.
Qg3 Bd6 22. Rac1 e5 23. Nd3 d4 24. Bxa5 e4 25. Rxc4 Bxg3 26. Rxc8+ Rxc8 0-1

[Event "Int. Stuttgarter Stadtmeisterschaft A"]
[Site "Ditzingen"]
[Date "2014.05.29"]
[Round "1.10"]
[White "Dudek, Richard"]
[Black "Willems, Sebastian"]
[Result "1-0"]
[WhiteElo "2262"]
[BlackElo "2006"]
[PlyCount "81"]
[EventDate "2014.??.??"]
[WhiteTeam "SC Eppingen"]
[BlackTeam "SC Böblingen 1975 e.V."]

1. e4 d5 2. exd5 Nf6 3. d4 Bg4 4. Be2 Bxe2 5. Nxe2 Qxd5 6. O-O Nc6 7. b3 O-O-O
8. c4 Qf5 9. Be3 Nb4 10. Nbc3 Nc2 11. Rc1 Nxe3 12. fxe3 Qg5 13. Qd3 g6 14. Rf3
Bh6 15. Rcf1 Ng4 16. Rg3 Qh5 17. h3 Nf6 18. Rgf3 Rhe8 19. b4 Nd7 20. Qc2 f5 21.
Nf4 Bxf4 22. exf4 e6 23. Qe2 g5 24. fxg5 Qxg5 25. Re3 Qh4 26. d5 e5 27. Rxf5
Rg8 28. Rh5 Qd4 29. Nb5 Qa1+ 30. Kh2 a6 31. Nc3 Rdf8 32. Rf3 Rxf3 33. Qxf3 Rf8
34. Qe3 b6 35. Rxh7 Rf1 36. c5 Rh1+ 37. Kg3 Re1 38. Qd3 Qc1 39. Rh8+ Kb7 40.
c6+ Ka7 41. Ra8+ 1-0

[Event "Int. Stuttgarter Stadtmeisterschaft A"]
[Site "Ditzingen"]
[Date "2014.05.29"]
[Round "1.11"]
[White "Schmidt, Tobias"]
[Black "Kabisch, Thilo"]
[Result "0-1"]
[WhiteElo "2005"]
[BlackElo "2261"]
[PlyCount "64"]
[EventDate "2014.??.??"]
[WhiteTeam "SC Erdmannhausen"]
[BlackTeam "SK Schmiden/Cannstatt"]

1. e4 c5 2. c3 e6 3. d4 d5 4. exd5 exd5 5. Nf3 Nc6 6. Bb5 Bd6 7. dxc5 Bxc5 8.
O-O Nge7 9. Nbd2 O-O 10. Nb3 Bb6 11. Nbd4 Bg4 12. Be2 Qd7 13. Be3 Ng6 14. Qd2
Rae8 15. Rad1 Kh8 16. Rfe1 f5 17. Nxc6 Bxe3 18. fxe3 bxc6 19. c4 f4 20. e4 Rxe4
21. cxd5 cxd5 22. Qxd5 Qe7 23. Bd3 Re3 24. Be4 Nh4 25. Rxe3 fxe3 26. Re1 Qf6
27. Re2 h6 28. h3 Rd8 29. Qa5 Bxf3 30. Bxf3 Rd1+ 31. Re1 Nxf3+ 32. gxf3 Qxf3
0-1

[Event "Int. Stuttgarter Stadtmeisterschaft A"]
[Site "Ditzingen"]
[Date "2014.05.29"]
[Round "1.12"]
[White "Bodrozic, Tomislav"]
[Black "Gentner, Markus"]
[Result "1-0"]
[WhiteElo "2258"]
[BlackElo "2002"]
[PlyCount "55"]
[EventDate "2014.??.??"]
[WhiteTeam "SF Birkenfeld"]
[BlackTeam "SC Murrhardt 1948 e.V."]

1. e4 c6 2. d4 d5 3. e5 c5 4. dxc5 Nc6 5. Bb5 e6 6. Be3 Bd7 7. Bxc6 Bxc6 8. Nf3
a5 9. a4 Ne7 10. c3 Nf5 11. Bd4 Nxd4 12. Qxd4 b6 13. cxb6 Rb8 14. b4 Qxb6 15.
Qxb6 Rxb6 16. b5 Bd7 17. Nbd2 g6 18. Nb3 Bg7 19. Nxa5 O-O 20. O-O Ra8 21. Nb3
f6 22. Rfe1 fxe5 23. Nxe5 Be8 24. f4 Rc8 25. Nd4 Rxc3 26. a5 Rb8 27. b6 Bf7 28.
a6 1-0

[Event "Int. Stuttgarter Stadtmeisterschaft A"]
[Site "Ditzingen"]
[Date "2014.05.29"]
[Round "1.13"]
[White "Weißbeck, Simon"]
[Black "Kvetny, Mark"]
[Result "1/2-1/2"]
[WhiteElo "1999"]
[BlackElo "2257"]
[PlyCount "81"]
[EventDate "2014.??.??"]
[WhiteTeam "Heilbronner SV"]
[BlackTeam "Stuttgarter SF 1879"]

1. e4 c5 2. c3 d5 3. exd5 Qxd5 4. d4 Nc6 5. Nf3 Bg4 6. Be2 cxd4 7. cxd4 e6 8.
h3 Bh5 9. O-O Nf6 10. Nc3 Qd7 11. Be3 Bb4 12. Qb3 O-O 13. Ne5 Nxe5 14. Bxh5 Nc6
15. Bf3 Bxc3 16. bxc3 Rac8 17. Rac1 Nd5 18. Qa4 Nb6 19. Qb5 Rfd8 20. Kh1 Ne7
21. Qa5 Ned5 22. Bxd5 Nxd5 23. c4 Nb6 24. d5 Nxc4 25. dxe6 Qxe6 26. Qxa7 Nxe3
27. fxe3 Qd5 28. Qa4 h6 29. e4 Qd3 30. Rcd1 Qe2 31. Rde1 Qc2 32. Qxc2 Rxc2 33.
Rb1 Rdd2 34. Rxb7 f6 35. a4 Rxg2 36. Ra1 Rh2+ 37. Kg1 Rcg2+ 38. Kf1 Rc2 39. Kg1
Rcg2+ 40. Kf1 Rc2 41. Kg1 1/2-1/2

[Event "Int. Stuttgarter Stadtmeisterschaft A"]
[Site "Ditzingen"]
[Date "2014.05.29"]
[Round "1.14"]
[White "Gheng, Simona"]
[Black "Lorscheid, Gerhard"]
[Result "1/2-1/2"]
[WhiteElo "1988"]
[BlackElo "2252"]
[PlyCount "136"]
[EventDate "2014.??.??"]
[WhiteTeam "TSV Schönaich"]
[BlackTeam "Stuttgarter SF 1879"]

1. e4 d6 2. d4 g6 3. Nf3 Nf6 4. Nbd2 Bg7 5. Bc4 O-O 6. O-O c6 7. c3 Qc7 8. Re1
e5 9. Nf1 Nbd7 10. h3 exd4 11. Nxd4 Nc5 12. Ng3 h5 13. Bg5 b5 14. Bb3 Nxb3 15.
Nxb3 Bb7 16. Qd2 Rfe8 17. Rad1 Nh7 18. Bf4 Be5 19. Bxe5 dxe5 20. Nc5 Rad8 21.
Qh6 Bc8 22. Rd3 Rxd3 23. Nxd3 Qe7 24. Re3 h4 25. Nf1 Qf6 26. Nh2 Be6 27. a3 Bc4
28. Nf3 Qd6 29. Nde1 Re6 30. Qxh4 Qd1 31. Kh2 Kg7 32. Qg3 Be2 33. Ng1 Bf1 34.
Nd3 Bxd3 35. Rxd3 Qc1 36. Rd7 Qxb2 37. Rxa7 Nf6 38. Ra8 Qc2 39. Qh4 Nh7 40. Qd8
Qxf2 41. Nf3 Rf6 42. Ng1 Qf4+ 43. Kh1 Qxe4 44. Qh8+ Kh6 45. Rg8 Rf2 46. Qg7+
Kg5 47. Nf3+ Rxf3 48. gxf3 Qxf3+ 49. Kh2 Nf6 50. Rh8 Qe2+ 51. Kg1 Qe1+ 52. Kh2
Nh5 53. Qxf7 Qg3+ 54. Kh1 Qxh3+ 55. Kg1 Qxc3 56. Qe7+ Nf6 57. Rh2 Qe1+ 58. Kg2
Kf5 59. Rh3 Qe2+ 60. Kg1 g5 61. Qf8 Qe1+ 62. Kg2 Qe2+ 63. Kg1 e4 64. Rh6 e3 65.
Qc8+ Kf4 66. Qc7+ Kf5 67. Qc8+ Kf4 68. Qc7+ Kf5 1/2-1/2

[Event "Int. Stuttgarter Stadtmeisterschaft A"]
[Site "Ditzingen"]
[Date "2014.05.29"]
[Round "1.15"]
[White "L�hr, Markus"]
[Black "Unger, Franz"]
[Result "1/2-1/2"]
[WhiteElo "2248"]
[BlackElo "1969"]
[PlyCount "144"]
[EventDate "2014.??.??"]
[WhiteTeam "SK Schmiden/Cannstatt"]
[BlackTeam "SK Sachsenheim"]

1. d4 Nf6 2. c4 c5 3. d5 e6 4. Nc3 exd5 5. cxd5 d6 6. Nf3 g6 7. g3 Bg7 8. Bg2
O-O 9. O-O a6 10. a4 b6 11. Re1 Re8 12. h3 Qc7 13. Bf4 Nbd7 14. e4 Nh5 15. Bd2
Rb8 16. Rc1 b5 17. axb5 axb5 18. b4 Ne5 19. Bf1 Nxf3+ 20. Qxf3 c4 21. Ra1 Bd7
22. Ra5 Ra8 23. Rea1 Rxa5 24. Rxa5 Qb7 25. g4 Nf6 26. Bg5 Bxg4 27. hxg4 Nxg4
28. Nxb5 Ne5 29. Qg3 Qb8 30. Bd2 Rc8 31. Bc3 Bf6 32. Bh3 Bh4 33. Qe3 Re8 34.
Bxe5 Rxe5 35. f4 Re7 36. Qd4 f5 37. exf5 Re1+ 38. Bf1 Qe8 39. Qc3 gxf5 40. Qd2
c3 41. Nxc3 Re3 42. Ra2 Be1 43. Qh2 Bxc3 44. Rg2+ Kh8 45. Re2 Qg8+ 46. Rg2 Qxd5
47. Qh6 Re8 48. b5 Bd4+ 49. Kh2 Rg8 50. Rxg8+ Qxg8 51. Qg5 Qxg5 52. fxg5 Kg7
53. Kg3 Kg6 54. Kf4 Be5+ 55. Kf3 d5 56. b6 Kxg5 57. Bb5 h5 58. Bc6 d4 59. Bb5
h4 60. Bd3 h3 61. Bc2 h2 62. Kg2 Kg4 63. Bd1+ Kh4 64. Bc2 f4 65. Kxh2 f3+ 66.
Kg1 Kg3 67. Kf1 Bb8 68. Bd3 Bd6 69. Ke1 Kg2 70. Kd2 Kf2 71. Be4 Kg3 72. Bxf3
Kxf3 1/2-1/2

[Event "Int. Stuttgarter Stadtmeisterschaft A"]
[Site "Ditzingen"]
[Date "2014.05.29"]
[Round "1.16"]
[White "Müller, Anja"]
[Black "Ivanov, Stojan Emilov"]
[Result "0-1"]
[WhiteElo "1967"]
[BlackElo "2244"]
[PlyCount "62"]
[EventDate "2014.??.??"]
[WhiteTeam "SC Ingersheim e.V."]

1. d4 Nf6 2. c4 e5 3. dxe5 Ng4 4. Nf3 Bc5 5. e3 Nc6 6. e6 fxe6 7. Be2 O-O 8. a3
a5 9. Nc3 b6 10. O-O Bb7 11. Ne4 Qe7 12. Bd2 Nf6 13. Nxc5 bxc5 14. Qc2 e5 15.
e4 Rab8 16. Rad1 d6 17. Bg5 h6 18. Be3 Nxe4 19. Qxe4 Nd4 20. Qg4 Nxe2+ 21. Kh1
Rxf3 22. gxf3 Rf8 23. Rd5 Bxd5 24. cxd5 Qf6 25. Re1 Nd4 26. Bxd4 exd4 27. Kg2
Qg5 28. Qxg5 hxg5 29. Re7 Rb8 30. Rxc7 d3 31. Kf1 Re8 0-1

[Event "Int. Stuttgarter Stadtmeisterschaft A"]
[Site "Ditzingen"]
[Date "2014.05.29"]
[Round "1.17"]
[White "Piskur, Mitja"]
[Black "Steinhart, Christoph"]
[Result "1-0"]
[WhiteElo "2239"]
[BlackElo "1967"]
[PlyCount "135"]
[EventDate "2014.??.??"]
[BlackTeam "TSV Sch�naich"]

1. Nf3 c5 2. e3 Nc6 3. d4 d5 4. dxc5 e6 5. a3 a5 6. c4 Bxc5 7. b3 Nf6 8. Bb2
O-O 9. Nc3 Qe7 10. cxd5 exd5 11. Be2 Rd8 12. Na4 Ba7 13. Nd4 Rb8 14. O-O Nxd4
15. Bxd4 b5 16. Nc3 Bxd4 17. Qxd4 b4 18. Na4 bxa3 19. Qc5 Qxc5 20. Nxc5 Ne4 21.
Nxe4 dxe4 22. Bc4 a4 23. Rxa3 axb3 24. Rxb3 Rxb3 25. Bxb3 Bb7 26. Rb1 Rd7 27.
h4 h6 28. Kh2 Bd5 29. Bxd5 Rxd5 30. Rb8+ Kh7 31. Re8 f5 32. h5 Rd7 33. Re6 Kg8
34. Re5 Rf7 35. Kg3 Kh7 36. Re6 Rb7 37. Rd6 Rb2 38. Rd5 g6 39. Rd7+ Kg8 40.
hxg6 Rb6 41. Kf4 Rxg6 42. g3 Ra6 43. Kxf5 Ra2 44. Re7 Rxf2+ 45. Kg6 Kf8 46.
Rxe4 Rg2 47. g4 Rh2 48. Rf4+ Ke7 49. Kf5 Ra2 50. e4 Kf7 51. Rf1 Ra6 52. e5 Rg6
53. Rd1 Rg5+ 54. Kf4 Rg8 55. Rd7+ Ke8 56. Rh7 Rg6 57. Kf5 Ra6 58. e6 Ra1 59.
Rxh6 Rf1+ 60. Kg6 Ke7 61. g5 Kxe6 62. Kg7+ Ke7 63. Rf6 Ra1 64. g6 Ra8 65. Rf4
Kd6 66. Kh7 Ra7+ 67. g7 Rb7 68. Kh8 1-0

[Event "Int. Stuttgarter Stadtmeisterschaft A"]
[Site "Ditzingen"]
[Date "2014.05.29"]
[Round "1.18"]
[White "Cummings, Nicolai"]
[Black "Perske, Thore"]
[Result "0-1"]
[WhiteElo "1957"]
[BlackElo "2219"]
[PlyCount "84"]
[EventDate "2014.??.??"]
[WhiteTeam "SC Ingersheim e.V."]
[BlackTeam "Sfr.Heidesheim"]

1. d4 Nf6 2. c4 g6 3. Nc3 Bg7 4. e4 d6 5. Be2 O-O 6. Bg5 Na6 7. Qd2 c5 8. d5
Qa5 9. Nf3 Bg4 10. O-O Nc7 11. e5 Bxf3 12. exf6 exf6 13. Bxf6 Bxf6 14. Bxf3
Rfe8 15. Ne4 Qxd2 16. Nxd2 Rab8 17. Rab1 Kg7 18. b4 b6 19. bxc5 bxc5 20. Rxb8
Rxb8 21. Rb1 Rb6 22. Rb3 Be5 23. g3 f5 24. Bd1 Kf6 25. f4 Bd4+ 26. Kg2 Ra6 27.
a3 Rb6 28. Kf3 Na8 29. h3 Bb2 30. a4 Bc1 31. Ke2 Bxd2 32. Kxd2 Rxb3 33. Bxb3 a5
34. h4 Nb6 35. Ke3 h6 36. Kf3 g5 37. Kg2 Kg6 38. Kh2 Nd7 39. Bc2 Nf6 40. Kg2
gxf4 41. gxf4 Ne4 42. Kh3 Nc3 0-1

[Event "Int. Stuttgarter Stadtmeisterschaft A"]
[Site "Ditzingen"]
[Date "2014.05.29"]
[Round "1.19"]
[White "Baskin, Robert"]
[Black "Sand, Rolf"]
[Result "1-0"]
[WhiteElo "2205"]
[BlackElo "1946"]
[PlyCount "67"]
[EventDate "2014.??.??"]
[WhiteTeam "SAbt TuS Makkabi Ffm"]
[BlackTeam "SV Tübingen 1870 e.V."]

1. e4 c5 2. Nf3 d6 3. d4 cxd4 4. Nxd4 Nf6 5. Nc3 a6 6. Bc4 e6 7. a4 Be7 8. O-O
Qc7 9. Qe2 O-O 10. Kh1 Bd7 11. f4 Nc6 12. Be3 Rac8 13. Bd3 Nxd4 14. Bxd4 e5 15.
Be3 Bc6 16. a5 Rfe8 17. Bb6 Qd7 18. fxe5 dxe5 19. Bc4 Bb4 20. Na2 Bd6 21. Nc3
Rf8 22. Rad1 Qe7 23. Bf2 Nd7 24. Nd5 Bxd5 25. Bxd5 Rc7 26. c3 Bc5 27. Be1 Ba7
28. Rd3 Nc5 29. Rdf3 Ne6 30. Bd2 Kh8 31. Rh3 Ng5 32. Rh5 f6 33. Bxg5 fxg5 34.
Rxh7+ 1-0

[Event "Int. Stuttgarter Stadtmeisterschaft A"]
[Site "Ditzingen"]
[Date "2014.05.29"]
[Round "1.20"]
[White "Marano, Salvatore"]
[Black "Aring, Gerd"]
[Result "0-1"]
[WhiteElo "1943"]
[BlackElo "2198"]
[PlyCount "100"]
[EventDate "2014.??.??"]
[BlackTeam "SV N�rtingen 1920"]

1. e4 c5 2. Nc3 Nc6 3. g3 g6 4. Bg2 Bg7 5. d3 d6 6. f4 e6 7. Nf3 Nge7 8. O-O
O-O 9. Be3 b6 10. Bf2 e5 11. Qd2 Be6 12. Rae1 f6 13. Be3 Qd7 14. Nh4 Rac8 15.
Nd5 Bxd5 16. exd5 Nb4 17. c4 Nxa2 18. fxe5 dxe5 19. Bh6 a5 20. Rf3 Nb4 21. Bxg7
Kxg7 22. Ref1 Rce8 23. Qe1 Nc2 24. Qd1 Nd4 25. Re3 Nc8 26. Kh1 Nd6 27. Nf3 b5
28. b3 b4 29. Nd2 f5 30. Rfe1 Nf7 31. Nf3 Nxf3 32. Qxf3 a4 33. bxa4 Qxa4 34. h4
Qd7 35. h5 g5 36. Ra1 Ra8 37. Ree1 g4 38. Qf2 Rxa1 39. Rxa1 Rc8 40. Qb2 Qd6 41.
Ra7 Rc7 42. Ra8 Qh6 43. d4 exd4 44. Qe2 Qxh5+ 45. Kg1 Qh6 46. Re8 Ra7 47. Re6
Ra1+ 48. Bf1 Qh3 49. Kf2 Qh2+ 50. Bg2 Qg1# 0-1

[Event "Int. Stuttgarter Stadtmeisterschaft A"]
[Site "Ditzingen"]
[Date "2014.05.29"]
[Round "1.21"]
[White "Sokratov, Stanislav"]
[Black "Braun, R�diger-Thomas"]
[Result "1-0"]
[WhiteElo "2194"]
[BlackElo "1935"]
[PlyCount "81"]
[EventDate "2014.??.??"]
[WhiteTeam "SC Erdmannhausen"]
[BlackTeam "SF Birkenfeld"]

1. d4 Nf6 2. c4 e5 3. dxe5 Ng4 4. Nf3 Nc6 5. Bf4 Bb4+ 6. Nbd2 Qe7 7. e3 Ngxe5
8. Be2 O-O 9. O-O d6 10. Nb3 Be6 11. a3 Bc5 12. Nxc5 Nxf3+ 13. Bxf3 dxc5 14.
Qa4 Bd7 15. Qb3 Ne5 16. Qxb7 Rab8 17. Qxc7 Nxf3+ 18. gxf3 Qe6 19. Qxc5 Rxb2 20.
Qe5 Qh3 21. Bg3 Rb6 22. Rfd1 Re6 23. Qg5 Rg6 24. Qe7 Be8 25. Rd6 Qf5 26. Qe4
Qc8 27. Rad1 Bc6 28. Qf4 Ba4 29. R1d4 Bc2 30. Qe5 Bf5 31. Qe7 Rxd6 32. Qxd6 Bh3
33. c5 h6 34. c6 Qa6 35. Rd1 Qe2 36. Qd5 Re8 37. c7 Rxe3 38. c8=Q+ Bxc8 39.
fxe3 Be6 40. Qd8+ Kh7 41. Qd3+ 1-0

[Event "Int. Stuttgarter Stadtmeisterschaft A"]
[Site "Ditzingen"]
[Date "2014.05.29"]
[Round "1.22"]
[White "Klaus, Dominik"]
[Black "Wittmann, Ralf"]
[Result "0-1"]
[WhiteElo "1931"]
[BlackElo "2184"]
[PlyCount "54"]
[EventDate "2014.??.??"]
[WhiteTeam "Ssg Fils-Lauter e. V."]
[BlackTeam "Stuttgarter SF 1879"]

1. d4 Nf6 2. c4 e6 3. Nf3 b6 4. g3 Bb7 5. Bg2 Be7 6. Nc3 O-O 7. O-O Na6 8. Re1
Ne4 9. Nxe4 Bxe4 10. a3 c5 11. Be3 Qc8 12. Rc1 Qb7 13. Qd2 Rfd8 14. Red1 d5 15.
Ne1 cxd4 16. Bxd4 dxc4 17. Qc3 Bxg2 18. Nxg2 Bf8 19. Nf4 Rac8 20. Nh5 Rd5 21.
Qf3 e5 22. Bxe5 Rxd1+ 23. Rxd1 Qxf3 24. exf3 Rc5 25. f4 f6 26. Bxf6 Rxh5 27.
Bg5 h6 0-1

[Event "Int. Stuttgarter Stadtmeisterschaft A"]
[Site "Ditzingen"]
[Date "2014.05.29"]
[Round "1.23"]
[White "Gabriel, Robert"]
[Black "Florio, Antonio"]
[Result "1-0"]
[WhiteElo "2178"]
[BlackElo "1927"]
[PlyCount "57"]
[EventDate "2014.??.??"]
[WhiteTeam "Stuttgarter SF 1879"]
[BlackTeam "SV Besigheim"]

1. d4 Nf6 2. c4 e6 3. g3 c5 4. Nf3 cxd4 5. Nxd4 Bb4+ 6. Bd2 Bxd2+ 7. Qxd2 Ne4
8. Qc2 Qa5+ 9. Nd2 Nxd2 10. Qxd2 Qxd2+ 11. Kxd2 Na6 12. Bg2 Nc7 13. c5 Rb8 14.
Rac1 O-O 15. f4 Ne8 16. e4 f6 17. Ke3 d6 18. Rhd1 e5 19. Nb5 dxc5 20. Rxc5 b6
21. Rc3 a6 22. Na7 Bg4 23. Nc6 Rb7 24. Rd8 Nc7 25. fxe5 fxe5 26. Rxf8+ Kxf8 27.
Nxe5 Be6 28. a3 Nb5 29. Rc6 1-0

[Event "Int. Stuttgarter Stadtmeisterschaft A"]
[Site "Ditzingen"]
[Date "2014.05.29"]
[Round "1.24"]
[White "Zeh, Dominik"]
[Black "Vaysberg, Alexander"]
[Result "0-1"]
[WhiteElo "1934"]
[BlackElo "2178"]
[PlyCount "76"]
[EventDate "2014.??.??"]
[WhiteTeam "Stuttgarter SF 1879"]
[BlackTeam "SG Ludwigsburg 1919"]

1. d4 Nf6 2. Bg5 d5 3. Bxf6 gxf6 4. c4 c6 5. cxd5 cxd5 6. Nc3 Nc6 7. e3 e6 8.
Bd3 Qb6 9. Qb3 Qxb3 10. axb3 Bd7 11. Kd2 O-O-O 12. Nge2 Kb8 13. Rhc1 h5 14. h4
e5 15. Ke1 Be6 16. Kf1 Bh6 17. Na4 exd4 18. Rxc6 bxc6 19. Nxd4 Rc8 20. Rc1 Bf8
21. Nc5 Bxc5 22. Rxc5 Kb7 23. b4 a6 24. Nb3 Kb6 25. Ra5 Ra8 26. Nc5 Rhg8 27. f3
Bc8 28. Na4+ Kc7 29. e4 Rb8 30. exd5 Rxb4 31. dxc6 Rxh4 32. Nc3 Rg5 33. Ra3 Rh2
34. Be4 Rgxg2 35. Nd5+ Kd6 36. Rd3 Rd2 37. Rxd2 Rxd2 38. Nb6 Be6 0-1

[Event "Int. Stuttgarter Stadtmeisterschaft A"]
[Site "Ditzingen"]
[Date "2014.05.29"]
[Round "1.25"]
[White "Br�uner, Uwe"]
[Black "Litfin, Boris"]
[Result "1-0"]
[WhiteElo "2153"]
[BlackElo "1925"]
[PlyCount "136"]
[EventDate "2014.??.??"]
[WhiteTeam "SF Pfullingen"]
[BlackTeam "SC Emmendingen 1937 e.V."]

1. d4 c5 2. e4 cxd4 3. Nf3 Nc6 4. Nxd4 g6 5. Nc3 Bg7 6. Nb3 d6 7. Be2 Nf6 8.
O-O O-O 9. Re1 a6 10. Bf1 b5 11. a4 b4 12. Nd5 Nxd5 13. exd5 Ne5 14. Nd4 a5 15.
h3 Bb7 16. Nb5 Rc8 17. g3 Rc5 18. Bg2 Nc4 19. Rb1 Re8 20. b3 Nb6 21. Be3 Rc8
22. Re2 Ba6 23. Bd4 Bxd4 24. Qxd4 Nd7 25. Rbe1 Bxb5 26. axb5 Rc5 27. h4 Rxb5
28. h5 Rb8 29. h6 Nf6 30. g4 Qd7 31. g5 Qg4 32. Qxg4 Nxg4 33. Rxe7 Kf8 34. R7e4
Rxe4 35. Rxe4 Ne5 36. Kf1 Nd7 37. Ke2 Re8 38. Kd3 Rxe4 39. Kxe4 Ke7 40. Kd4 Nb6
41. Bh3 Kd8 42. f4 Ke7 43. f5 Kf8 44. fxg6 hxg6 45. Bf1 Kg8 46. Bb5 Kh7 47. Be2
Kg8 48. Bb5 Kh7 49. Be8 Kg8 50. Ke4 Nc8 51. Kd4 Nb6 52. h7+ Kh8 53. Bxf7 Kxh7
54. Be6 Kg7 55. c4 bxc3 56. Kxc3 Kf8 57. b4 axb4+ 58. Kxb4 Na8 59. Kb5 Nc7+ 60.
Kc6 Ne8 61. Kd7 Ng7 62. Kxd6 Ke8 63. Ke5 Ke7 64. d6+ Kf8 65. Bg4 Kf7 66. d7 Ke7
67. Kd5 Kd8 68. Kd6 Nf5+ 1-0